Normal view
MARC view
- الاسرة - التفكك الاسري - المشاكل الاجتماعية - الانحراف
Entry Topical Term
001 - CONTROL NUMBER
- control field: 25081
003 - CONTROL NUMBER IDENTIFIER
- control field: JO-AjAnu
005 - DATE AND TIME OF LATEST TRANSACTION
- control field: 20230606074306.0
008 - FIXED-LENGTH DATA ELEMENTS
- fixed length control field: 230606|| aca||aabn | a|a d
040 ## - CATALOGING SOURCE
- Original cataloging agency: JO-AjAnu
- Transcribing agency: JO-AjAnu
150 ## - HEADING--TOPICAL TERM
- Topical term or geographic name entry element: الاسرة - التفكك الاسري - المشاكل الاجتماعية - الانحراف
670 ## - SOURCE DATA FOUND
- Source citation: Work cat.: (JO-AjAnu)12902: العكايلة، محمد سند, author 25080, اضطرابات الوسط الاسري وعلاقتها بجنوح الاحداث